000 00938akm a2200349a 44500
008 100415s2009 cat
041 _acat
041 _bspa
080 _a637.524(038)
245 _aLèxic de la xarcuteria
245 _h[tríptic]
260 _a[València]
260 _bAcadèmia Valenciana de la Llengua
260 _c2009
300 _a1 tríptic.
_bil.
500 _aCategoria gramatical
520 _aaprox. 100
591 _a10189
592 _aObra terminològica
593 _aKRG
593 _aKY
594 _a10189
650 _aembotits
_965929
650 _axarcuteria
_973506
856 _uhttps://www.avl.gva.es/wp-content/uploads/2023/03/380-05_tripticxarcuteria.pdf
901 _c[<2009>]
902 _a100415
942 _cMO
_2ddc
_n0
999 _c65453
_d65453